00877nab a2200229 uc450000100070000000500170000700800410002403500110006503500210007604000130009704100080011010000310011824500820014965000250023165000690025670000420032570000370036770000600040470000400046470000310050477301120053572529120251202100555.0020313e20000901 spa  a725291 a(OCoLC)819935642 ccomduadb aspa10aPineda, David A.4auteaut10aTrastorno por deficit de atencion en una comunidad paisa : informe preliminar aAntioquia (Colombia) 7aTrastorno por déficit de atención con hiperactividad2armarc10aHenao Lopez, Gloria Cecilia4auteaut10aCastellanos, F. Xavier4auteaut10aLopera Restrepo, Francisco Javier,d1951-20244auteaut10aPalacio Ortiz, Juan David4auteaut10aRapoport, Judith4auteaut0 tActa Neurológica Colombiana (Bogotá)gVol. 16, No. 03, Sep. 2000, p. 189-194w374160x0120-87480113541